<?xml version="1.0" encoding="UTF-8"?>
<marc:record xmlns:marc="http://www.loc.gov/MARC21/slim">
   <marc:leader>00000nam a2200000 a 4500</marc:leader>
   <marc:datafield ind1="1" ind2=" " tag="100">
      <marc:subfield code="a">Carver, Tania</marc:subfield>
      <marc:subfield code="4">aut</marc:subfield>
      <marc:subfield code="e">Verfasser/-in</marc:subfield>
   </marc:datafield>
   <marc:datafield ind1="0" ind2="0" tag="245">
      <marc:subfield code="a">Morgen früh, wenn du willst</marc:subfield>
   </marc:datafield>
   <marc:datafield ind1="0" ind2="0" tag="245">
      <marc:subfield code="b">Thriller</marc:subfield>
   </marc:datafield>
   <marc:datafield ind1="0" ind2="0" tag="245">
      <marc:subfield code="c">Tania Carver. Aus dem Engl. von Sybille Uplegger</marc:subfield>
   </marc:datafield>
   <marc:datafield ind1=" " ind2="1" tag="264">
      <marc:subfield code="a">Berlin</marc:subfield>
      <marc:subfield code="b">List</marc:subfield>
      <marc:subfield code="c">2015</marc:subfield>
   </marc:datafield>
   <marc:datafield ind1="1" ind2=" " tag="520">
      <marc:subfield code="a">Ein unauffälliges Haus in den Vororten. Innen ein vermeintliches Kinder-Idyll mit pinkfarbenen Tapeten, gelben Schleifchen und einem reich gedeckten Kuchentisch. Es ist wie ein Puppenhaus. Und am Tisch sitzt eine Puppe, in Lebensgröße, mit blonden Zöpfen und in einem rosa Kleidchen. Sie ist blutverschmiert und tot. DI Phil Brennan ist von dem Tatort verstört und noch mehr von der Toten. Sie hatte sich genau diesen Tod gewünscht. Phil bittet seine Frau, Polizei-Profilerin Marina, um Hilfe. Jagen sie einen Einzeltäter, einen »Puppenspieler«? Oder hängen die Morde mit dem Kult zusammen, dem auch einer ihrer Kollegen zu huldigen scheint?</marc:subfield>
   </marc:datafield>
   <marc:datafield ind1=" " ind2=" " tag="020">
      <marc:subfield code="a">9783471351109</marc:subfield>
      <marc:subfield code="9">9783471351109</marc:subfield>
   </marc:datafield>
   <marc:datafield ind1=" " ind2=" " tag="020">
      <marc:subfield code="a">3471351108</marc:subfield>
      <marc:subfield code="9">3471351108</marc:subfield>
   </marc:datafield>
   <marc:datafield ind1=" " ind2=" " tag="300">
      <marc:subfield code="a">499 S.</marc:subfield>
   </marc:datafield>
</marc:record>
